[Event "CZE-chT U12"]
[Site "Jihlava"]
[Date "2022.06.12"]
[Round "9.3"]
[White "Boff, Ondrej"]
[Black "Letal, Hynek"]
[Result "1-0"]
[WhiteElo "1346"]
[BlackElo "1291"]
[PlyCount "101"]
[EventDate "2022.06.10"]
[EventType "team-swiss"]
[EventRounds "9"]
[EventCountry "CZE"]
[SourceTitle "CBM 209 Extra"]
[Source "ChessBase"]
[SourceDate "2022.09.30"]
[SourceVersion "1"]
[SourceVersionDate "2022.09.30"]
[SourceQuality "1"]
[WhiteTeam "Trinec U12"]
[BlackTeam "Frydek Mistek U12"]
[WhiteTeamCountry "CZE"]
[BlackTeamCountry "CZE"]

1. e4 c5 2. Nf3 Nc6 3. c3 g6 4. d4 cxd4 5. cxd4 Bg7 6. Nc3 d6 7. Bc4 Nf6 8. Be3 Bd7 9. Qd2 Ng4 10. 0-0 Nxe3 11. fxe3 0-0 12. Rf2 Na5 13. Bd3 Rc8 14. Raf1 Nc4 15. Bxc4 Rxc4 16. Rc1 b5 17. Qd1 Qc7 18. Rfc2 e6 19. b3 Rc6 20. Nxb5 Qb6 21. Rxc6 Bxc6 22. Nxd6 Qa6 23. Qc2 Bb7 24. Nxb7 Qxb7 25. Qc6 Qb4 26. Qc5 Qb7 27. Rc4 Qxe4 28. Kf2 Bh6 29. Rc3 Qb1 30. Rc2 Qd1 31. Rd2 Qb1 32. Qc2 Qxc2 33. Rxc2 Kg7 34. Rc7 a6 35. Ne5 Bg5 36. g3 h5 37. Ra7 h4 38. Rxa6 hxg3+ 39. hxg3 Rh8 40. Nf3 Bf6 41. Kg2 Bg5 42. Nxg5 Rh5 43. Nf3 Rb5 44. Ra7 Rf5 45. Ne5 Rf6 46. b4 Rf5 47. b5 Rh5 48. Rxf7+ Kh6 49. b6 Kg5 50. Nf3+ Kg4 51. Rf4# 1-0

[Event "CZE-ch U12"]
[Site "Luhacovice"]
[Date "2022.03.14"]
[Round "3"]
[White "Ruzicka, Oto"]
[Black "Letal, Hynek"]
[Result "1/2-1/2"]
[WhiteElo "1233"]
[BlackElo "1371"]
[PlyCount "98"]
[EventDate "2022.03.12"]
[EventType "swiss"]
[EventRounds "9"]
[EventCountry "CZE"]
[SourceTitle "EXT 2023"]
[Source "ChessBase"]
[SourceDate "2022.10.05"]
[SourceVersion "1"]
[SourceVersionDate "2022.10.05"]
[SourceQuality "1"]

1. e4 c5 2. Nf3 Nc6 3. d4 cxd4 4. Nxd4 g6 5. Nc3 Bg7 6. Be3 Nf6 7. Bc4 d6 8. f3 Bd7 9. Qd2 Rc8 10. Bb3 0-0 11. 0-0-0 Ne5 12. h4 h5 13. Rdf1 Nc4 14. Bxc4 Rxc4 15. Rhg1 Qa5 16. Nb3 Qa6 17. Bh6 b5 18. Bxg7 Kxg7 19. Kb1 Rfc8 20. Rc1 Qb6 21. g4 b4 22. Nd5 Nxd5 23. Qxd5 Rxc2 24. gxh5 Rxc1+ 25. Rxc1 Rxc1+ 26. Nxc1 Be6 27. Qd2 Qc5 28. hxg6 fxg6 29. Ne2 b3 30. axb3 Bxb3 31. Qd4+ Qxd4 32. Nxd4 Ba4 33. Ka2 e5 34. Ne6+ Kh6 35. Ka3 Bd1 36. Ng5 Kh5 37. Kb4 Kxh4 38. Nf7 Bxf3 39. Nxd6 g5 40. Kc5 a5 41. Kd5 g4 42. Kxe5 g3 43. Nf5+ Kg4 44. Nxg3 Kxg3 45. Kd4 Bd1 46. e5 Bb3 47. Kc3 a4 48. Kb4 Kf4 49. e6 Bxe6 1/2-1/2

[Event "CZE-ch U10"]
[Site "Kouty nad Desnou"]
[Date "2020.03.11"]
[Round "6"]
[White "Stejskal, Jakub"]
[Black "Letal, Hynek"]
[Result "0-1"]
[WhiteElo "1090"]
[BlackElo "1127"]
[PlyCount "38"]
[EventDate "2020.03.07"]
[EventType "swiss"]
[EventRounds "7"]
[EventCountry "CZE"]
[SourceTitle "CBM 195 Extra"]
[Source "ChessBase"]
[SourceDate "2020.05.31"]
[SourceVersion "1"]
[SourceVersionDate "2020.05.31"]
[SourceQuality "1"]

1. e4 c5 2. Nc3 Nc6 3. Nf3 Nf6 4. Bc4 g6 5. d4 cxd4 6. Nxd4 Bg7 7. Nxc6 bxc6 8. e5 Ng4 9. f4 d6 10. e6 f5 11. 0-0 0-0 12. Qd3 d5 13. Bb3 Qb6+ 14. Kh1 Nf2+ 15. Rxf2 Qxf2 16. Be3 Qh4 17. Rd1 Bxe6 18. Qe2 Bf7 19. Bf2 Qxf4 0-1

[Event "CZE-ch U10"]
[Site "Kouty nad Desnou"]
[Date "2020.03.10"]
[Round "5"]
[White "Letal, Hynek"]
[Black "Soucek, Andrej"]
[Result "0-1"]
[WhiteElo "1127"]
[BlackElo "1043"]
[PlyCount "88"]
[EventDate "2020.03.07"]
[EventType "swiss"]
[EventRounds "7"]
[EventCountry "CZE"]
[SourceTitle "CBM 195 Extra"]
[Source "ChessBase"]
[SourceDate "2020.05.31"]
[SourceVersion "1"]
[SourceVersionDate "2020.05.31"]
[SourceQuality "1"]

1. e4 c5 2. Nf3 Nc6 3. d4 cxd4 4. Nxd4 g6 5. Nc3 Bg7 6. Be3 Nf6 7. Bc4 0-0 8. Bb3 d6 9. f3 Bd7 10. Qd2 Re8 11. h4 h5 12. 0-0-0 a6 13. Bh6 Nxd4 14. Bxg7 Nxb3+ 15. cxb3 Kxg7 16. g4 Rc8 17. Kb1 b5 18. e5 dxe5 19. g5 Bf5+ 20. Ka1 Nd7 21. Qe2 e6 22. Rd6 Qc7 23. Rhd1 Red8 24. Qd2 b4 25. Rxd7 Rxd7 26. Qxd7 Qxd7 27. Rxd7 bxc3 28. bxc3 Rxc3 29. Ra7 Bd3 30. Kb2 Rc2+ 31. Ka3 Rf2 32. b4 Rxf3 33. Ka4 Bb5+ 34. Ka5 Ra3+ 35. Kb6 Rxa2 36. Kc5 e4 37. Kd4 Re2 38. Kc3 Re3+ 39. Kd4 Re1 40. Ke5 e3 41. Kf4 e2 42. Kg3 Rg1+ 43. Kh2 e1Q 44. Kh3 Qg3# 0-1

[Event "CZE-ch U10"]
[Site "Kouty nad Desnou"]
[Date "2020.03.09"]
[Round "3"]
[White "Milek, Tobias"]
[Black "Letal, Hynek"]
[Result "1/2-1/2"]
[WhiteElo "1163"]
[BlackElo "1127"]
[PlyCount "110"]
[EventDate "2020.03.07"]
[EventType "swiss"]
[EventRounds "7"]
[EventCountry "CZE"]
[SourceTitle "CBM 195 Extra"]
[Source "ChessBase"]
[SourceDate "2020.05.31"]
[SourceVersion "1"]
[SourceVersionDate "2020.05.31"]
[SourceQuality "1"]

1. e4 c5 2. Nf3 d6 3. d4 cxd4 4. Nxd4 Nf6 5. Nc3 g6 6. g3 Bg7 7. Bg2 0-0 8. 0-0 Nc6 9. Be3 Bd7 10. Re1 Ng4 11. Nxc6 Bxc6 12. Qxg4 Rc8 13. Bd2 f5 14. exf5 Bxg2 15. Kxg2 Rxf5 16. Qe4 e5 17. Qd5+ Kh8 18. Qxb7 Rc7 19. Qe4 Rcf7 20. Rf1 Qb6 21. Nd1 Qb5 22. Ne3 Qe2 23. Be1 Bh6 24. Bd2 Rxf2+ 25. Rxf2 Rxf2+ 26. Kg1 Qxd2 27. Nf1 Qxc2 28. Qa8+ Rf8 29. Qxa7 Qxb2 30. Re1 Qc3 31. Rb1 Qc5+ 32. Qxc5 dxc5 33. Re1 Re8 34. a4 Kg7 35. a5 Kf6 36. g4 Bf4 37. Ne3 Bxe3+ 38. Rxe3 Ra8 39. Ra3 e4 40. Kf2 Ke5 41. Ke3 g5 42. a6 Kd5 43. Ra5 Ra7 44. h3 h6 45. Ra4 c4 46. Ra5+ Kc6 47. Kxe4 c3 48. Kd3 Kb6 49. Ra3 Rd7+ 50. Kxc3 Ka7 51. Kc2 Rd6 52. Ra4 Re6 53. Kd2 Rb6 54. Kc2 Rf6 55. Ra3 Rf2+ 1/2-1/2

[Event "CZE-ch U10"]
[Site "Kouty nad Desnou"]
[Date "2020.03.07"]
[Round "1"]
[White "Roubal, Matyas"]
[Black "Letal, Hynek"]
[Result "1-0"]
[WhiteElo "1380"]
[BlackElo "1127"]
[PlyCount "83"]
[EventDate "2020.03.07"]
[EventType "swiss"]
[EventRounds "7"]
[EventCountry "CZE"]
[SourceTitle "CBM 195 Extra"]
[Source "ChessBase"]
[SourceDate "2020.05.31"]
[SourceVersion "1"]
[SourceVersionDate "2020.05.31"]
[SourceQuality "1"]

1. e4 c5 2. Nf3 d6 3. d4 cxd4 4. Qxd4 Nc6 5. Bb5 Bd7 6. Bxc6 Bxc6 7. Nc3 Nf6 8. Bg5 Qb6 9. Bxf6 exf6 10. Qxb6 axb6 11. 0-0 g6 12. Rad1 b5 13. a3 Rd8 14. Nd4 Rc8 15. Rd2 Be7 16. Ndxb5 Bxb5 17. Nxb5 Rc6 18. Rfd1 Kd7 19. f4 Rb6 20. c4 Rc8 21. b3 f5 22. e5 Rcc6 23. exd6 Bxd6 24. Rxd6+ Rxd6 25. Rxd6+ Rxd6 26. Nxd6 Kxd6 27. Kf2 Kc5 28. Ke3 f6 29. Kd3 g5 30. g3 b5 31. b4+ Kc6 32. cxb5+ Kxb5 33. Kd4 Kc6 34. a4 Kd6 35. b5 Kc7 36. Kc5 Kb7 37. b6 Kc8 38. Kc6 Kb8 39. b7 Ka7 40. Kc7 Ka6 41. b8Q Ka5 42. Qb5# 1-0